000 00808nam a2200253Ia 4500
003 OSt
005 20220930092903.0
006 a|||||r|||| 00| 0
007 ta
008 220926b |||||||| |||| 00| 0 eng d
024 _a25993
037 _cTheses
040 _aCRL
_cCRL
_beng
041 _2eng
_aeng
100 _aMehrotra Harshita
_9549098
110 _aUniversity of Delhi. Faculty of Medical Sciences. Department of General Surgery
245 0 _aCorrelation of clinical and pathological staging of breast carcioma
260 _c2015
650 _aSURGERY
700 _a Col. A. K. Tyagi Gu.
_9549947
700 _aUniversity of Delhi. Faculty of Medical Sciences. Department of General Surgery
942 _cDIS
_2CC
999 _c884450
_d884450